El feudalismo (Record no. 18436)

MARC details
000 -LEADER
campo de control de longitud fija 01047am a2200409a 44500
003 - IDENTIFICADOR DE NÚMERO DE CONTROL
campo de control AR-BaBNM
005 - FECHA Y HORA DE LA ÚLTIMA TRANSACCIÓN
campo de control 20251128211138.0
008 - DATOS DE LONGITUD FIJA--INFORMACIÓN GENERAL
campo de control de longitud fija 172120s1985 #AR|||||||||||000 | esp||
020 ## - NÚMERO INTERNACIONAL ESTÁNDAR DEL LIBRO
Número Internacional Estándar del Libro 84-7291-924-2
040 ## - FUENTE DE CATALOGACIÓN
Centro/agencia transcriptor AR-BaBNM
245 10 - MENCIÓN DEL TÍTULO
Título El feudalismo
260 ## - PUBLICACIÓN, DISTRIBUCIÓN, ETC.
Lugar de publicación, distribución, etc. Madrid
Nombre del editor, distribuidor, etc. Sarpe
Fecha de publicación, distribución, etc. 1985
300 ## - DESCRIPCIÓN FÍSICA
Extensión 161 p.
490 #0 - MENCIÓN DE SERIE
Mención de serie Biblioteca de la historia
Designación de volumen o secuencia v. 43
650 #4 - PUNTO DE ACCESO ADICIONAL DE MATERIA--TÉRMINO DE MATERIA
Término de materia o nombre geográfico como elemento de entrada HISTORIA POLITICA
650 #4 - PUNTO DE ACCESO ADICIONAL DE MATERIA--TÉRMINO DE MATERIA
Término de materia o nombre geográfico como elemento de entrada HISTORIA DE LAS IDEAS
650 #4 - PUNTO DE ACCESO ADICIONAL DE MATERIA--TÉRMINO DE MATERIA
Término de materia o nombre geográfico como elemento de entrada FEUDALISMO
650 #4 - PUNTO DE ACCESO ADICIONAL DE MATERIA--TÉRMINO DE MATERIA
Término de materia o nombre geográfico como elemento de entrada HISTORIA SOCIAL
650 #4 - PUNTO DE ACCESO ADICIONAL DE MATERIA--TÉRMINO DE MATERIA
Término de materia o nombre geográfico como elemento de entrada HISTORIA EUROPEA
650 #4 - PUNTO DE ACCESO ADICIONAL DE MATERIA--TÉRMINO DE MATERIA
Término de materia o nombre geográfico como elemento de entrada HISTORIA ECONOMICA
650 #4 - PUNTO DE ACCESO ADICIONAL DE MATERIA--TÉRMINO DE MATERIA
Término de materia o nombre geográfico como elemento de entrada HISTORIA MEDIEVAL
700 1# - ENTRADA AGREGADA--NOMBRE PERSONAL
Nombre de persona Vilar, Pierre
700 1# - ENTRADA AGREGADA--NOMBRE PERSONAL
Nombre de persona Soboul, Albert
700 1# - ENTRADA AGREGADA--NOMBRE PERSONAL
Nombre de persona Goblot, Jean-Jacques
700 1# - ENTRADA AGREGADA--NOMBRE PERSONAL
Nombre de persona Hincker, Francois
700 1# - ENTRADA AGREGADA--NOMBRE PERSONAL
Nombre de persona Flamarion, Ciro
700 1# - ENTRADA AGREGADA--NOMBRE PERSONAL
Nombre de persona Cardoso, Santana
700 1# - ENTRADA AGREGADA--NOMBRE PERSONAL
Nombre de persona Lemarchand, Guy
700 1# - ENTRADA AGREGADA--NOMBRE PERSONAL
Nombre de persona Gallissot, René
700 1# - ENTRADA AGREGADA--NOMBRE PERSONAL
Nombre de persona Nouschi, André
700 1# - ENTRADA AGREGADA--NOMBRE PERSONAL
Nombre de persona Poncet, Jean
700 1# - ENTRADA AGREGADA--NOMBRE PERSONAL
Nombre de persona Prenant, André
700 1# - ENTRADA AGREGADA--NOMBRE PERSONAL
Nombre de persona Valensi, Lucette
700 1# - ENTRADA AGREGADA--NOMBRE PERSONAL
Nombre de persona Parain, Charles
942 ## - ELEMENTOS DE ENTRADA SECUNDARIOS (KOHA)
Tipo de ítem Koha Libros
998 ## - INFORMACIÓN DE CONTROL LOCAL (RLIN)
Iniciales del catalogador, CIN (RLIN) mariana
Holdings
Estatus retirado Estado de pérdida Fuente de la clasificación o esquema de estantería Estado de daño Restricciones de uso No para préstamo Biblioteca de origen Biblioteca actual Fecha de adquisición Total de préstamos Signatura topográfica completa Código de barras Visto por última vez Precio de reemplazo Tipo de ítem Koha
    Clasificación Decimal Dewey   Acceso restringido No para préstamo Liberty Liberty 28/11/2025   930.8 C-BHI 43 131044 28/11/2025 28/11/2025 Libros